En torno al ecodesarrollo: antologia (Registro nro. 404)
[ vista simple ]
| 000 -CABECERA | |
|---|---|
| campo de control de longitud fija | 00369aam a2200157 4500 |
| 005 - FECHA Y HORA DE ACTUALIZACIÓN | |
| campo de control | 20160512184041.0 |
| 008 - LONGITUD FIJA | |
| campo de control de longitud fija | 150730b xxu||||| |||| 00| 0 spa d |
| 041 ## - IDIOMA | |
| Código de idioma del texto/pista de sonido o título separado | |
| 082 ## - CLASIFICACIÓN DECIMAL DEWEY | |
| Número de clasificación | 574.5 |
| Número de documento/Ítem | S211e |
| 100 ## - AUTOR PERSONAL | |
| Nombre de persona | Sánchez, Vicente |
| 245 ## - TÍTULO PROPIAMENTE DICHO | |
| Título | En torno al ecodesarrollo: antologia |
| 260 ## - PIE DE IMPRENTA | |
| Lugar de publicación, distribución, etc. | Costa Rica |
| 260 ## - PIE DE IMPRENTA | |
| Nombre del editor, distribuidor, etc. | EUNED |
| 260 ## - PIE DE IMPRENTA | |
| Fecha de publicación, distribución, etc. | 1983 |
| 942 ## - Punto de Acceso Adicional Koha | |
| Tipo de ítem Koha | Libro |
| Estado perdido | Estado dañado | No para préstamo | Biblioteca permanente | Biblioteca actual | Signatura completa | Código de barras | Precio efectivo a partir del | Tipo de ítem |
|---|---|---|---|---|---|---|---|---|
| Departamento de Biblioteca y Documentación Alfonso Chase Brenes | Departamento de Biblioteca y Documentación Alfonso Chase Brenes | 574.5 S211e | 2414 | 12/05/2016 | Libro |